Charlotte Hornets 2025-2026 Roster - Statistics

General Stats
  • This quiz has been taken 49 times
    40 since last reset
  • The average score is 13 of 18
Answer Stats
Jersey # Pos Answer % Correct
1 G LaMelo Ball
100%
7 G-F Kon Knueppel
97%
0 F Miles Bridges
97%
14 F Moussa Diabate
97%
24 F Brandon Miller
93%
3 G Coby White
90%
11 C Ryan Kalkbrenner
90%
23 G Tre Mann
72%
10 G Josh Green
69%
2 F Grant Williams
66%
33 F Liam McNeeley
66%
4 G Sion James
66%
26 F Xavier Tillman
66%
21 G Pat Connaughton
62%
31 F Tidjane Salaun
55%
16 C PJ Hall
52%
12 G Antonio Reeves
41%
20 F Tosan Evbuomwan
10%
No matching quizzes found
Score Distribution
Percent of People with Each Score
Percentile by Number Answered
Your Score History
You have not taken this quiz since the last reset